Responses for show #2340 - Friday, November 4, 1994

Ryan Holznagel game 2.

Contestants

[<< previous game]

Steve Buchthal, a biophysicist originally from Irvington, New York

Cherie Christopher, an attorney originally from Glen Ellyn, Illinois

Ryan Holznagel, a software writer originally from Forest Grove, Oregon (whose 1-day cash winnings total $12,173)

[next game >>]

Jeopardy! Round responses

STATE CAPITALS
THE 1950 EMMYS
AROUND THE KITCHEN
HISTORY
MUSICAL INSTRUMENTS
ODDS & ENDS
    $100 8
Madison

Ryan
    $100 21
Groucho Marx

Steve
    $100 22
a tumbler

Steve
    $100 7
the Suez Canal

Ryan
    $100 4
the piano

Ryan
    $100 1
town

Ryan
    $200 9
Trenton

Ryan
    $200 27
Korea

Cherie
    $200 23
milk

Steve
    $200 13
Rome

Ryan
    $200 15
banjos

Steve
    $200 2
international

Ryan
    $300 10
Lansing

Ryan
    $300 28
(Ryan: Who is Ollie?)
...
(Alex: [*], the seasick sea serpent, yes.)

Cecil

RyanSteve
    $300 24
a churn

Ryan
    $300 14
Spain

Steve
    $300 16
a tuba

Ryan
    $300 3
the SATs

Steve
    $400 11
Montpelier (Vermont)

Cherie
    $400 29
Alan Young

Steve
    $400 25
a spatula

Steve
    $400 17
Mecca

Ryan
    $400 19
a violin

Triple Stumper
    $400 5
(Steve: What is United Airlines?)

American Airlines

Steve
Triple Stumper
    $500 12
(Cherie: What is Olympia?)

Juneau, Alaska

Cherie
Triple Stumper
    $500 30
Truth or Consequences

Triple Stumper
    $500 26
(Steve: What is KitchenAid?)
(Cherie: What is GE?)

Sunbeam

CherieSteve
Triple Stumper
    $500 18
the Franks

Ryan
    $1,100 20
(Ryan: What is... what is the clarinet?)
(Alex: No, sorry--)
[Ryan mouths "[*]".]
(Alex: --you're in the right part of the orchestra. What is the [*]? Hautbois--"high wood"--hautbois.)

the oboe

Ryan
    $500 6
pica

Cherie

Scores at the first commercial break (after clue 15):

Ryan Cherie Steve
$1,300 $400 $400

Scores at the end of the Jeopardy! Round:

Ryan Cherie Steve
$1,400 $100 $1,400

Double Jeopardy! Round responses

THE DECLARATION OF INDEPEDENCE
ART
RELIGION
FAMOUS TAYLORS
WORLD CURRENCY
DRAMA
    $200 7
Jefferson

Steve
    $200 19
Paris

Ryan
    $200 26
India

Steve
    $200 8
Elizabeth Taylor

Ryan
    $200 1
pounds

Steve
    $200 2
Our Town

Steve
    $400 13
signed

Ryan
    $400 23
Mao Tse-tung

Steve
    $400 27
Canterbury

Cherie
    $400 9
"Twinkle, Twinkle, Little Star"

Ryan
    $400 18
South Africa

Cherie
    $400 3
Blanche DuBois

Cherie
    $600 14
self-evident

Ryan
    $600 20
(Cherie: Who is Picasso?)

Rembrandt

Cherie
Triple Stumper
    $600 28
Hindu

Ryan
    $600 10
(Alex: Sold a lot of books!)

Barbara Taylor Bradford

Triple Stumper
    $700 17
(Alex: That's right. It was part of the Soviet Union, and it became independent.)

the ruble

Ryan
    $600 4
and I'm Feeling So Sad

Steve
    $800 15
taxes

Ryan
    $700 21
Rodin

Ryan
    $800 29
Krakow

Cherie
    $800 11
Zachary Taylor

Ryan
    $800 24
a shekel

Ryan
    $800 5
(Ryan: What is [*]'s Irish Rose?)
(Alex: Yeah. [*] is the guy's name.)

Abie

Ryan
    $1000 16
(Cherie: What is New York?)

Baltimore

Cherie
Triple Stumper
    $1000 22
(Ryan: Who is Wyeth?)
(Alex: Be more specific.)

Andrew Wyeth

Ryan
    $1000 30
(Steve: What is, uh, Christianity?)

Islam

Steve
Triple Stumper
    $1000 12
(Janet) Taylor Caldwell

Triple Stumper
    $1000 25
shilling

Ryan
    $1000 6
(Alex: And the actor was the late [*].)

Lee J. Cobb

Triple Stumper

Scores at the end of the Double Jeopardy! Round:

Ryan Cherie Steve
$10,400 $500 $2,200
(lock game)

[wagering suggestions for these scores]

Final Jeopardy! Round responses

VICE PRESIDENTS
(Alex: ...and you get to relax for three weeks, because next week, of course, we have our celebrities coming in, followed by our two-week long Tournament of Champions, in which some of the best players from the past season get to compete for $100,000 so keep tuning us in, folks, and we'll see Ryan in about 3 weeks.)
(Johnny: Join us next week for Celebrity Jeopardy!, with Gen. H. Norman Schwarzkopf, Stefanie Powers, and Tony Randall.)
CherieWho was T. Roosevelt
$0
SteveWho was Andrew Johnson?
$1,100
RyanWho is Teddy Roosevelt?
$2,500
Theodore Roosevelt

Final scores:

Ryan Cherie Steve
$12,900 $500 $1,100
2-day champion: $25,073 3rd place: Air Combat USA fighter pilot training 2nd place: a golf & tennis retreat at Carmel Valley Ranch Resort, just east of Carmel by the Sea, and Panasonic's CD radio/cassette recorder and portable digital compact cassette player

Game dynamics:

Coryat scores:

Ryan Cherie Steve
$11,500 $500 $2,200
26 R
(including 2 DDs),
2 W
(including 1 DD)
7 R,
4 W
15 R,
3 W

Combined Coryat: $14,200

The J! Archive is created by fans, for fans. The Jeopardy! game show and all elements thereof, including but not limited to copyright and trademark thereto, are the property of Jeopardy Productions, Inc. and are protected under law. This website is not affiliated with, sponsored by, or operated by Jeopardy Productions, Inc. Join the discussion at JBoard.tv.